Power Electronics (Record no. 5355)
[ view plain ]
| 000 -LEADER | |
|---|---|
| fixed length control field | 00441nam a2200157Ia 4500 |
| 020 ## - INTERNATIONAL STANDARD BOOK NUMBER | |
| International Standard Book Number | 8120308697 |
| 082 ## - DEWEY DECIMAL CLASSIFICATION NUMBER | |
| Classification number | 621.317 |
| Item number | RAD |
| 100 ## - MAIN ENTRY--PERSONAL NAME | |
| Personal name | Rashid,Muhammad,H |
| 245 ## - TITLE STATEMENT | |
| Title | Power Electronics |
| 250 ## - EDITION STATEMENT | |
| Edition statement | 2nd 3rd . Ed. |
| 260 ## - PUBLICATION, DISTRIBUTION, ETC. (IMPRINT) | |
| Name of publisher, distributor, etc | PHI Learning Private Limited |
| Place of publication, distribution, etc | New Delhi |
| Year of Publication | 1996 |
| 300 ## - PAGE DESCRIPTION | |
| No. of Pages | 702p. |
| 650 ## - SUBJECT ADDED ENTRY--TOPICAL TERM | |
| Topical term or geographic name as entry element | ELECTRONICS ENGINEERING, |
| 653 ## - KEYWORDS--INDEX TERM | |
| Keyword term | POWER SEMICONDUCTOR DIODES,DIODE CIRCUITS AND RECTIFIERS, THYRISTORS |
| 942 ## - ADDED ENTRY ELEMENTS (KOHA) | |
| Source of classification or shelving scheme | Dewey Decimal Classification |
| Koha item type | Books |
| Withdrawn status | Lost status | Source of classification or shelving scheme | Damaged status | Not for loan | Home library | Current library | Date acquired | SGTU | Full call number | Accession No. (Barcode) | Date last seen | Bill Date | Koha item type |
|---|---|---|---|---|---|---|---|---|---|---|---|---|---|
| Dewey Decimal Classification | SGT Engineering Library | SGT Engineering Library | 16/10/2011 | SGTU | 621.317 RAD | FE4249 | 09/02/2015 | 09/02/2015 | Gifted Books |